| 000 | 00487nam a2200145 i 4500 | ||
|---|---|---|---|
| 001 | 57002 | ||
| 003 | ES-MaACL | ||
| 007 | t| | ||
| 008 | 031014s1987 sp ||||1| spa d | ||
| 020 | _a84-505-5962-6 | ||
| 245 | 0 | 0 | _aDirectorio de establecimientos industriales de la Comunidad de Madrid. |
| 260 |
_aMadrid : _bComunidad, ConsejerÃa de Trabajo, Industria y Comercio. Servicio de Estudios y Coordinación, _c1987. |
||
| 300 |
_a314 p. ; _c27 cm. |
||
| 852 |
_aES-MaACL _jG-1953 _bR.114832 |
||
| 999 |
_c57002 _d57002 |
||